000 00535cam a2200217 4500
001 B846
008 090401t1987 xxu||||| |||| 00| 0 eng d
035 _a(Sirsi) u38284
041 _aeng
050 _a333.335
110 _aSavills
_92020
245 _aSavills - IPD agricultural performance analysis ... 1986
260 _aLondon
_bSavills
_c1987
300 _a12p. ; 30cm.
350 _a0
650 _aFARM LAND
650 _aINVESTMENT PROPERTY DATABANK LTD
650 _aINVESTMENT
942 _n0
948 _c04/03/1997
999 _c90630
_d90630